Ngôn ngữ lập trình AutoLISP: Căn bản và ứng dụng

sách trình bày những vấn đề cơ bản về AutoLISP, về cơ sở dữ liệu, các hàm do người dùng định nghĩa, các bước tắt và các phép chuyển đổi, cách viết và gữ rối các chương trình, dùng AutoLISP để giao tiếp, và truy cập cơ sở dữ liệu...

Cur síos iomlán

Đã lưu trong:
Sonraí Bibleagrafaíochta
Príomhúdar: Nguyễn Quang Huy
Formáid: Leabhar
Teanga:Undetermined
Foilsithe: Tp. HCM Thống Kê 1999
Ábhair:
Clibeanna: Cuir Clib Leis
Gan Chlibeanna, Bí ar an gcéad duine leis an taifead seo a chlibeáil!
Thư viện lưu trữ: Trung tâm Học liệu Trường Đại học Cần Thơ
LEADER 00981nam a2200205Ia 4500
001 CTU_34172
008 210402s9999 xx 000 0 und d
020 |b 28.000đ 
082 |a 005.133 
082 |b H523 
100 |a Nguyễn Quang Huy 
245 0 |a Ngôn ngữ lập trình AutoLISP: Căn bản và ứng dụng 
245 0 |c Nguyễn Quang Huy, Hải Yến 
260 |a Tp. HCM 
260 |b Thống Kê 
260 |c 1999 
520 |a sách trình bày những vấn đề cơ bản về AutoLISP, về cơ sở dữ liệu, các hàm do người dùng định nghĩa, các bước tắt và các phép chuyển đổi, cách viết và gữ rối các chương trình, dùng AutoLISP để giao tiếp, và truy cập cơ sở dữ liệu 
650 |a autolisp ( computer program language ) 
904 |i MInh, 991126 
980 |a Trung tâm Học liệu Trường Đại học Cần Thơ